000 00862nab a2200265 u 4500
001 20962
003 HDC
007 cr bn ---aaaaa
008 210307b2014mmddmy d||ne||||| 00| 0 may d
040 _aHDC
100 _aNur Hanani Azman
_97735
245 0 _aPKS sedia melabur demi pelaksanaan GST
_c/ Nur Hanani Azman
260 _aMalaysia:
_bMedia Mulia,
_c2014
300 _a1 online resource (page 21)
336 _atext
_2rdacontent
337 _acomputer
_2rdamedia
338 _aonline resource
_2rdacarrier
650 _aBusiness enterprise
_916899
650 _aInvestments
_91553
710 _aUtusan Malaysia
856 _zRequest full-text at [email protected]
942 _2lcc
942 _cNEWS
942 _kNWSC 002659
999 _c18278
_d18278